000 00357 a2200121 4500
000 nam a22 7a 4500
005 20250923163540.0
020 _a9789004707115 (hbk)
100 _aKristina Myrvold
_9846357
245 _aSikh news in India, 1864-1924 : Colonial reports on vernacular newspapers of Punjab (Vol-4)
260 _bBrill
_c2025
942 _cTB
999 _c1463916
_d1463916